Les plus longs règnes monarchiques par pays - Statistiques

Statistiques générales
  • Ce quiz a été pris 108 fois
  • Le résultat moyen est 10 sur 14
Statistiques - réponses
Monarque Réponse % Correct
Elizabeth II (68 ans) Royaume-Uni
100%
Victoria I (63 ans) Royaume-Uni
100%
Louis XIV (72 ans) France
98%
Guillaume IV de Henneberg-Schleusingen (78 ans) Allemagne
76%
Henri XI de Reuss-Greiz (77 ans) Allemagne
76%
Charles-Auguste de Palatinat-Sulzbach (75 ans) Allemagne
76%
Georges-Guillaume de Schaumbourg-Lippe (73 ans) Allemagne
76%
Charles Ier de Bade (73 ans) Allemagne
76%
Jean-Louis de Nassau-Saarbrücken (72 ans) Allemagne
76%
Henri-Frédéric de Hohenlohe-de Langenbourg (71 ans) Allemagne
76%
Bernard VII de Lippe (81 ans) Pays-Bas
58%
Rama IX (70 ans) Thailande
53%
Jean II (70 ans) Liechtenstein
29%
Sobhuza II (83 ans) Eswatini
28%
Aucun quiz correspondant
Distribution des résultats
% des personnes avec chaque résultat
Percentile par nombre de réponses
Votre historique - résultats
Vous n’avez pas pris ce quiz